Nghiên cứu kỹ thuật nuôi vỗ thành thục và ương nuôi ấu trùng tôm sú (Penaeus monodon) : Luận văn tốt nghiệp Cao học ngành nuôi trồng thủy sản
Đề tài điều tra về kỹ thuật sản xuất giống tôm sú ở tỉnh Cà Mau, đánh giá ảnh hưởng của chế độ thay nước lên sinh trưởng, tỷ lệ sống của ấu trùng tôm sú.
Shranjeno v:
| Glavni avtor: | |
|---|---|
| Format: | Knjiga |
| Jezik: | Undetermined |
| Izdano: |
Cần Thơ
Trường Đại học Cần Thơ
2005
|
| Teme: | |
| Oznake: |
Označite
Brez oznak, prvi označite!
|
| Thư viện lưu trữ: | Trung tâm Học liệu Trường Đại học Cần Thơ |
|---|
| LEADER | 01086nam a2200217Ia 4500 | ||
|---|---|---|---|
| 001 | CTU_161728 | ||
| 008 | 210402s9999 xx 000 0 und d | ||
| 082 | |a 639.68 | ||
| 082 | |b T108 | ||
| 088 | |a 606270 | ||
| 100 | |a Châu, Tài Tảo | ||
| 245 | 0 | |a Nghiên cứu kỹ thuật nuôi vỗ thành thục và ương nuôi ấu trùng tôm sú (Penaeus monodon) : | |
| 245 | 0 | |b Luận văn tốt nghiệp Cao học ngành nuôi trồng thủy sản | |
| 245 | 0 | |c Châu Tài Tảo ; Nguyễn Thanh Phương (Cán bộ hướng dẫn) | |
| 260 | |a Cần Thơ | ||
| 260 | |b Trường Đại học Cần Thơ | ||
| 260 | |c 2005 | ||
| 520 | |a Đề tài điều tra về kỹ thuật sản xuất giống tôm sú ở tỉnh Cà Mau, đánh giá ảnh hưởng của chế độ thay nước lên sinh trưởng, tỷ lệ sống của ấu trùng tôm sú. | ||
| 650 | |a Shrimps culture,Nuôi tôm | ||
| 904 | |i Trọng Hải | ||
| 980 | |a Trung tâm Học liệu Trường Đại học Cần Thơ | ||